00186nam a2200085Ia 4500008004100000100001400041245001400055260002200069260000900091170620s9999 xx 000 0 und d aBare- Act 0aHibdu Law bCentral Law Pub. c2015